000 00731nam a2200253Ia 4500
003 OSt
005 20221007104632.0
006 a|||||r|||| 00| 0
007 ta
008 221006b |||||||| |||| 00| 0 eng d
024 _a16,421
037 _cTextual
040 _aLCO
_cLCO
_beng
041 _2eng
_aeng
082 _aZ73v, K8
100 _aVarious European Authors
_9706171
245 0 _aGeneral Survey of Events, Sources,Persons and Movements in Continental Legal History
260 _aNew
_bYork Augustus M. Kelly USA
_c1968
300 _a754
490 _vVol -11
650 _aLEGAL HISTORY
_9695031
942 _hZ73v, K8
_cTEXL
999 _c1185984
_d1185984